|
|
|
|
| LEADER |
00000nam0a2200000 4500 |
| 001 |
370571 |
| 005 |
20231102012308.0 |
| 035 |
|
|
|a (RuTPU)RU\TPU\retro\27980
|
| 090 |
|
|
|a 370571
|
| 100 |
|
|
|a 20220713d1978 k y0rusy50 ca
|
| 101 |
0 |
|
|a rus
|
| 102 |
|
|
|a RU
|
| 105 |
|
|
|a a z 001zy
|
| 200 |
1 |
|
|a Переходные области эпитаксиальных полупроводниковых пленок
|e монография
|f Л. Н. Александров
|g Академия наук СССР, Сибирское отделение, Институт физики полупроводников ; под ред. А. Ф. Кравченко
|
| 210 |
|
|
|a Новосибирск
|c Наука
|d 1978
|
| 215 |
|
|
|a 272 с.
|c ил.
|
| 320 |
|
|
|a Библиогр.: с. 248-271
|
| 606 |
1 |
|
|a Полупроводниковые пленки
|x Физико-химические свойства
|2 stltpush
|3 (RuTPU)RU\TPU\subj\50667
|9 69318
|
| 610 |
1 |
|
|a эпитаксиальные пленки
|
| 610 |
1 |
|
|a переходные области
|
| 610 |
1 |
|
|a рост
|
| 610 |
1 |
|
|a подложки
|
| 610 |
1 |
|
|a монографии
|
| 675 |
|
|
|a 539.216.2
|v 4
|
| 700 |
|
1 |
|a Александров
|b Л. Н.
|g Леонид Наумович
|
| 702 |
|
1 |
|a Кравченко
|b А. Ф.
|4 340
|
| 712 |
0 |
2 |
|a Академия наук СССР
|b Сибирское отделение
|b Институт физики полупроводников
|c (Новосибирск)
|2 stltpush
|3 (RuTPU)RU\TPU\col\11385
|9 25080
|
| 801 |
|
1 |
|a RU
|b 63413507
|c 20220713
|
| 801 |
|
2 |
|a RU
|b 63413507
|c 20220713
|g RCR
|
| 942 |
|
|
|c BK
|